[Event "Zalakaros op rap"]
[Site "Zalakaros"]
[Date "1992.??.??"]
[Round "1"]
[White "Farago, Ivan"]
[Black "Schroter, Tamas"]
[Result "1-0"]
[WhiteElo "2510"]
[BlackElo "2300"]
[PlyCount "83"]
[EventDate "1992.??.??"]
[EventType "swiss"]
[EventRounds "7"]
[EventCountry "HUN"]
[SourceTitle "EXT 1997"]
[Source "ChessBase"]
[SourceDate "1996.11.15"]
[SourceVersion "1"]
[SourceVersionDate "1996.11.15"]
[SourceQuality "1"]

1. d4 Nf6 2. c4 g6 3. Nc3 d5 4. Nf3 Bg7 5. Qb3 dxc4 6. Qxc4 0-0 7. e4 c6 8. Be2 b5 9. Qb3 a5 10. 0-0 Na6 11. e5 Be6 12. exf6 Bxb3 13. fxg7 Kxg7 14. axb3 Nb4 15. Rd1 Qd6 16. Ne4 Qd5 17. Nc5 Na6 18. Nxa6 Rxa6 19. b4 Rfa8 20. bxa5 Rxa5 21. Rxa5 Rxa5 22. Kf1 Ra4 23. Bd3 f6 24. h3 h6 25. Re1 Ra7 26. Kg1 Qd7 27. Be3 Ra4 28. Bc2 Ra2 29. Bc1 Ra7 30. Bb3 Qd6 31. Bd2 Rd7 32. Re6 Qc7 33. Bb4 Qa7 34. Kh2 Qb8+ 35. g3 Qb7 36. Bc5 Qc7 37. Ne1 Rd6 38. Re3 Qd7 39. Nc2 Qb7 40. Nb4 Qd7 41. Kg2 Rxd4 42. Rxe7+ 1-0